000 00967cam a22002291 4500
001 sa 67004000
003 DLC
005 20260227112343.0
008 780809s1951 ii ae f000 0 eng
010 _asa 67004000
035 _a(OCoLC)4123119
040 _aDLC
_cMnU
_dDLC
042 _apremarc
050 0 0 _aHE1783.I4
_bA54
110 1 _aIndia (Republic).
_bRailway Inspectorate.
245 1 0 _aRailway accidents;
_breport on the derailment of 1 down Calcutta Mail at mile 48/4-5 between Tada and Sullurupeta stations on the North East line of the M. & S. M. Railway on 3rd March, 1950.
260 _aDelhi,
_bManager of Publications,
_c1951.
300 _a28 p.
_billus., fold. plan.
_c34 cm.
500 _aCover title.
650 0 _aRailroad accidents
_zIndia
_vCase studies.
740 0 _aReport on the derailment of 1 down Calcutta Mail at mile 48/4-5 between Tada and Sullurupeta stations on the North East line of the M. & S. M. Railway on 3rd March, 1950.
999 _c74220
_d74220